<?xml version="1.0" encoding="UTF-8"?>
<collection xmlns="http://www.loc.gov/MARC21/slim">
 <record>
  <leader>00673nam a2200205   4500</leader>
  <controlfield tag="001">000006123</controlfield>
  <controlfield tag="003">2277</controlfield>
  <controlfield tag="005">20150812140818.0</controlfield>
  <controlfield tag="008">110831s                               sd</controlfield>
  <datafield tag="245" ind1="0" ind2="0">
   <subfield code="a">Câu hỏi và bài tập triết học</subfield>
   <subfield code="b">Chủ nghĩa duy vật biện chứng</subfield>
  </datafield>
  <datafield tag="774" ind1=" " ind2=" ">
   <subfield code="b">Xuất bản lần thứ 2</subfield>
   <subfield code="d">Sách giáo khoa Mác Lê Nin</subfield>
   <subfield code="d">H.</subfield>
   <subfield code="d">1985</subfield>
   <subfield code="g">Tập 1</subfield>
   <subfield code="h">201 tr</subfield>
   <subfield code="w">2278</subfield>
  </datafield>
  <datafield tag="774" ind1=" " ind2=" ">
   <subfield code="d">H.</subfield>
   <subfield code="d">Sách giáo khoa Mác Lê Nin</subfield>
   <subfield code="d">1986</subfield>
   <subfield code="g">Tập 2</subfield>
   <subfield code="h">238 tr</subfield>
   <subfield code="w">2279</subfield>
  </datafield>
  <datafield tag="OWN" ind1=" " ind2=" ">
   <subfield code="a">LSP</subfield>
  </datafield>
  <datafield tag="999" ind1=" " ind2=" ">
   <subfield code="a">From the UDN01</subfield>
  </datafield>
  <datafield tag="TYP" ind1=" " ind2=" ">
   <subfield code="a">Monograph</subfield>
  </datafield>
  <datafield tag="TYP" ind1=" " ind2=" ">
   <subfield code="a">Printed language</subfield>
  </datafield>
  <datafield tag="980" ind1=" " ind2=" ">
   <subfield code="a">Mạng thư viện Đại học Đà Nẵng</subfield>
  </datafield>
 </record>
</collection>
